000 00320nam a22001337a 4500
008 170613b xxu||||| |||| 00| 0 eng d
020 _a2900495503254
041 _aeng
080 _a328
100 _a19
101 _aSHP
245 _aAMERICAN GOVERNMENT AND POLITICS TODAY: THE ESSENTIALS
_cBARDES
942 _2udc
_cBK
999 _c17165
_d17165